[Event "BCF-chT 2324 (4NCL)"]
[Site "England"]
[Date "2023.11.11"]
[Round "1.2"]
[White "Wells, Peter K"]
[Black "Shaw, Peter"]
[Result "1-0"]
[WhiteElo "2344"]
[BlackElo "2049"]
[PlyCount "65"]
[EventDate "2023.11.11"]
[EventType "team-tourn"]
[EventRounds "11"]
[EventCountry "ENG"]
[SourceTitle "CB46_2023"]
[SourceDate "2023.11.15"]
[SourceVersion "1"]
[SourceVersionDate "2023.11.15"]
[SourceQuality "1"]
[WhiteTeam "Chessable White Rose"]
[BlackTeam "Chessable White Rose II"]
[WhiteTeamCountry "ENG"]
[BlackTeamCountry "ENG"]

1. d4 e6 2. Nf3 f5 3. g3 Nf6 4. Bg2 Be7 5. c4 0-0 6. 0-0 d6 7. Nc3 Ne4 8. Nxe4 fxe4 9. Nd2 d5 10. f3 Nc6 11. e3 exf3 12. Nxf3 Bd7 13. Bd2 dxc4 14. Rc1 b5 15. b3 Rb8 16. bxc4 bxc4 17. Rxc4 Bd6 18. Qc2 Rb6 19. Rb1 Rxb1+ 20. Qxb1 Qf6 21. Qc2 Ne7 22. e4 e5 23. Bg5 Qe6 24. dxe5 Bxe5 25. Nxe5 Qxe5 26. Bf4 Qa1+ 27. Qc1 Qxa2 28. Rxc7 Rc8 29. Bf1 Be6 30. Be5 Qa5 31. Qg5 Qb6+ 32. Kh1 Ng6 33. Rxg7+ 1-0

[Event "GBR-ch 109th"]
[Site "Leicester"]
[Date "2023.07.26"]
[Round "5"]
[White "Gardiner, Eric D"]
[Black "Shaw, Peter"]
[Result "0-1"]
[WhiteElo "1843"]
[BlackElo "2066"]
[PlyCount "122"]
[EventDate "2023.07.22"]
[EventType "swiss"]
[EventRounds "9"]
[EventCountry "ENG"]
[SourceTitle "CBM 215 Extra"]
[Source "ChessBase"]
[SourceDate "2023.09.30"]
[SourceVersion "1"]
[SourceVersionDate "2023.09.30"]
[SourceQuality "1"]

1. e4 d6 2. d4 Nf6 3. Nc3 c6 4. f4 Qa5 5. Bd3 e5 6. Nf3 exd4 7. Nxd4 g6 8. 0-0 Bg7 9. Kh1 0-0 10. f5 b5 11. Qe1 a6 12. Qh4 c5 13. e5 dxe5 14. Bg5 exd4 15. Bxf6 Bxf6 16. Qxf6 Qd8 17. Qxd8 Rxd8 18. Ne2 c4 19. Be4 Ra7 20. fxg6 hxg6 21. Rad1 Re7 22. Bf3 Red7 23. Rd2 d3 24. Nf4 dxc2 25. Rxc2 Rd2 26. Rfc1 Bf5 27. Rxd2 Rxd2 28. g4 Rf2 29. gxf5 Rxf3 30. Nd5 Nc6 31. fxg6 fxg6 32. Rc2 Ne5 33. Kg2 Rf7 34. Re2 Nd3 35. b3 Nf4+ 36. Nxf4 Rxf4 37. bxc4 Rxc4 38. Kf3 Ra4 39. Ke3 Kf7 40. Kd3 g5 41. Kc3 Kf6 42. Kd3 Kf5 43. Rg2 Kf4 44. Rf2+ Ke5 45. Kc3 a5 46. Re2+ Re4 47. Rb2 Rc4+ 48. Kd3 Rd4+ 49. Ke3 b4 50. Rc2 Kd5 51. Rc8 Rh4 52. Rd8+ Kc4 53. Rc8+ Kb5 54. Rc2 Ka4 55. Rg2 Ka3 56. Rxg5 a4 57. Rg2 b3 58. axb3 axb3 59. Kf3 b2 60. Rxb2 Kxb2 61. Kg3 Rd4 0-1

[Event "BCF-ch rapidplay 34th"]
[Site "Bingley"]
[Date "2023.04.15"]
[Round "1"]
[White "Shaw, Peter"]
[Black "Rogers, Bernard"]
[Result "1-0"]
[WhiteElo "2079"]
[BlackElo "1772"]
[PlyCount "53"]
[EventDate "2023.04.15"]
[EventType "swiss (rapid)"]
[EventRounds "11"]
[EventCountry "ENG"]
[SourceTitle "CBM 213 Extra"]
[Source "ChessBase"]
[SourceDate "2023.05.31"]
[SourceVersion "1"]
[SourceVersionDate "2023.05.31"]
[SourceQuality "1"]

1. d4 d5 2. c4 e6 3. Nc3 Nf6 4. Bg5 Be7 5. e3 0-0 6. Nf3 h6 7. Bh4 Nbd7 8. Qc2 dxc4 9. Bxc4 Nb6 10. Bd3 Nbd5 11. a3 Nxc3 12. bxc3 b6 13. 0-0 Bb7 14. e4 Nh7 15. Bg3 Ng5 16. Nd2 c5 17. h4 Nh7 18. e5 f5 19. exf6 Nxf6 20. Bc4 Bd5 21. Rfe1 cxd4 22. cxd4 Qd7 23. Qg6 Rac8 24. Bd3 Bd6 25. Be5 Qe8 26. Bxd6 Qxg6 27. Bxg6 1-0

[Event "Ilkley op 1st"]
[Site "Ilkley"]
[Date "2022.09.17"]
[Round "3"]
[White "Shaw, Peter"]
[Black "Jones, Steven"]
[Result "1/2-1/2"]
[WhiteElo "2079"]
[BlackElo "2170"]
[PlyCount "26"]
[EventDate "2022.09.16"]
[EventType "swiss"]
[EventRounds "5"]
[EventCountry "ENG"]
[SourceTitle "EXT 2023"]
[Source "ChessBase"]
[SourceDate "2022.10.05"]
[SourceVersion "1"]
[SourceVersionDate "2022.10.05"]
[SourceQuality "1"]

1. d4 Nf6 2. c4 g6 3. Nc3 d5 4. cxd5 Nxd5 5. e4 Nxc3 6. bxc3 Bg7 7. Be3 c5 8. Qd2 Qa5 9. Rc1 cxd4 10. cxd4 Qxd2+ 11. Kxd2 0-0 12. Bb5 Nc6 13. Bxc6 bxc6 1/2-1/2

[Event "ENG County-ch Final"]
[Site "Darlington"]
[Date "2022.07.02"]
[Round "1.11"]
[White "Shaw, Peter"]
[Black "Dargan, Paul AG"]
[Result "0-1"]
[WhiteElo "2071"]
[BlackElo "2045"]
[PlyCount "78"]
[EventDate "2022.07.02"]
[EventType "team-match"]
[EventRounds "1"]
[EventCountry "ENG"]
[SourceTitle "CBM 209 Extra"]
[Source "ChessBase"]
[SourceDate "2022.09.30"]
[SourceVersion "1"]
[SourceVersionDate "2022.09.30"]
[SourceQuality "1"]
[WhiteTeam "Yorkshire"]
[BlackTeam "Northumberland"]
[WhiteTeamCountry "ENG"]
[BlackTeamCountry "ENG"]

1. d4 Nf6 2. c4 e6 3. Nf3 Bb4+ 4. Nbd2 b6 5. g3 Bb7 6. Bg2 0-0 7. 0-0 Re8 8. Qc2 d5 9. Ne5 c5 10. a3 Bxd2 11. Qxd2 Nc6 12. Nxc6 Bxc6 13. b4 cxd4 14. Qxd4 Rc8 15. cxd5 Bxd5 16. Bg5 Bxg2 17. Qxd8 Rexd8 18. Kxg2 Rc2 19. e3 Rdd2 20. e4 Re2 21. Rad1 h6 22. Rd8+ Kh7 23. Bxf6 gxf6 24. Rd7 Kg6 25. Rxa7 Rxe4 26. Rb7 Ra2 27. Rxb6 Rxa3 28. Rb1 Ra2 29. Rb3 Ree2 30. Rf3 Rab2 31. Rf4 f5 32. h4 h5 33. Kf1 Rec2 34. Rb8 e5 35. Rf3 e4 36. Rb6+ f6 37. Rf4 e3 38. Re6 e2+ 39. Kg2 Rc1 0-1

[Event "Harrogate 4NCL op 24th"]
[Site "Harrogate"]
[Date "2020.01.19"]
[Round "4"]
[White "Dias, Savin"]
[Black "Shaw, Peter"]
[Result "0-1"]
[WhiteElo "1959"]
[BlackElo "2052"]
[PlyCount "82"]
[EventDate "2020.01.17"]
[EventType "swiss"]
[EventRounds "5"]
[EventCountry "ENG"]
[SourceTitle "CBM 194 Extra"]
[Source "ChessBase"]
[SourceDate "2020.03.31"]
[SourceVersion "1"]
[SourceVersionDate "2020.03.31"]
[SourceQuality "1"]

1. e4 d6 2. d4 Nf6 3. Nc3 c6 4. f4 Qa5 5. e5 Ne4 6. Bd2 Nxd2 7. Qxd2 Bf5 8. Bd3 Bxd3 9. Qxd3 e6 10. Nf3 Nd7 11. 0-0 Be7 12. Ne4 Qc7 13. c3 Rd8 14. Rad1 0-0 15. Nfg5 h6 16. exd6 Bxd6 17. Nh3 c5 18. Nxd6 Qxd6 19. Qf3 Qb6 20. dxc5 Nxc5 21. Qf2 Na4 22. Qxb6 axb6 23. Rd4 Rxd4 24. cxd4 Rd8 25. b3 Nc3 26. Rf2 Rxd4 27. Rc2 Nd5 28. g3 g6 29. Kf2 b5 30. Ng1 b4 31. Ne2 Rd1 32. h4 h5 33. Kf3 Kg7 34. Kf2 Kf6 35. Kf3 Kf5 36. Kf2 b6 37. Rc4 Rd2 38. Kf3 Rxa2 39. Nd4+ Kf6 40. g4 hxg4+ 41. Kxg4 Ne3+ 0-1

[Event "Harrogate 4NCL op 24th"]
[Site "Harrogate"]
[Date "2020.01.18"]
[Round "2"]
[White "Kilshaw, Joe"]
[Black "Shaw, Peter"]
[Result "0-1"]
[WhiteElo "2017"]
[BlackElo "2052"]
[PlyCount "62"]
[EventDate "2020.01.17"]
[EventType "swiss"]
[EventRounds "5"]
[EventCountry "ENG"]
[SourceTitle "CBM 194 Extra"]
[Source "ChessBase"]
[SourceDate "2020.03.31"]
[SourceVersion "1"]
[SourceVersionDate "2020.03.31"]
[SourceQuality "1"]

1. d4 f5 2. Nc3 d5 3. Bg5 Nf6 4. Bxf6 exf6 5. e3 c6 6. Bd3 Bd6 7. Qf3 g6 8. Nge2 Na6 9. a3 Nc7 10. b4 Ne6 11. h4 Qe7 12. Kf1 0-0 13. Nf4 Bxf4 14. exf4 Nxd4 15. Qg3 Re8 16. h5 g5 17. h6 Qd6 18. Rh4 Ne6 19. Re1 Kf8 20. fxg5 Qxg3 21. fxg3 Nxg5 22. Rxe8+ Kxe8 23. b5 Ne4 24. Ne2 Kf7 25. Rf4 Be6 26. Nd4 c5 27. Ne2 Rg8 28. c4 Nxg3+ 29. Nxg3 Rxg3 30. Bxf5 Bxf5 31. Rxf5 Rg5 0-1

[Event "Newcastle Northumbria Masters"]
[Site "Newcastle on Tyne"]
[Date "2019.08.26"]
[Round "6"]
[White "Shaw, Peter"]
[Black "Turner, Max N"]
[Result "1/2-1/2"]
[WhiteElo "2096"]
[BlackElo "1986"]
[PlyCount "118"]
[EventDate "2019.08.23"]
[EventType "swiss"]
[EventRounds "9"]
[EventCountry "ENG"]
[SourceTitle "EXT 2020"]
[Source "ChessBase"]
[SourceDate "2019.10.17"]
[SourceVersion "1"]
[SourceVersionDate "2019.10.17"]
[SourceQuality "1"]

1. d4 d5 2. Bf4 Nf6 3. e3 c5 4. c3 Nc6 5. Nd2 cxd4 6. exd4 Bf5 7. Qb3 Qc8 8. Ngf3 e6 9. Nh4 Be4 10. f3 Bg6 11. Nxg6 hxg6 12. g4 Qd7 13. Bg2 0-0-0 14. Qa4 Bd6 15. Bg3 Qc7 16. Kf2 Bxg3+ 17. hxg3 e5 18. Nb3 e4 19. Rae1 Rxh1 20. Bxh1 Rh8 21. Nc5 Rh3 22. Rg1 e3+ 23. Kxe3 Rxg3 24. Re1 Nxg4+ 25. Kd3 Nf6 26. Kc2 Rh3 27. Qb5 Rh2+ 28. Kb1 Qb6 29. Qxb6 axb6 30. Nd3 Nh5 31. f4 Rd2 32. Ne5 Nxe5 33. fxe5 Nf4 34. Bf3 Rh2 35. Rg1 Kd7 36. Rg4 Nd3 37. Bxd5 Rxb2+ 38. Ka1 Rf2 39. a4 Ke7 40. Rg3 Nf4 41. Bxb7 f6 42. exf6+ gxf6 43. c4 Rc2 44. Ba6 Kd6 45. Kb1 Rd2 46. d5 g5 47. Ra3 Ke5 48. a5 bxa5 49. Bc8 Rd4 50. Re3+ Kd6 51. Ba6 Nxd5 52. cxd5 Rxd5 53. Bc4 Re5 54. Rg3 Re4 55. Bd3 Re1+ 56. Kc2 Ke5 57. Rf3 Ke6 58. Bf5+ Kd6 59. Bg4 Re4 1/2-1/2

[Event "GBR-ch Major 106th"]
[Site "Torquay"]
[Date "2019.08.03"]
[Round "8"]
[White "Shaw, Peter"]
[Black "Chapman, Matt"]
[Result "1/2-1/2"]
[WhiteElo "2068"]
[BlackElo "1957"]
[PlyCount "95"]
[EventDate "2019.07.27"]
[EventType "swiss"]
[EventRounds "9"]
[EventCountry "ENG"]
[SourceTitle "EXT 2020"]
[Source "ChessBase"]
[SourceDate "2019.10.17"]
[SourceVersion "1"]
[SourceVersionDate "2019.10.17"]
[SourceQuality "1"]

1. d4 d5 2. Bf4 Nf6 3. e3 c5 4. c3 Nc6 5. Nd2 cxd4 6. exd4 Bf5 7. Ngf3 e6 8. Qb3 Bd6 9. Bg3 Qc7 10. Bxd6 Qxd6 11. Bb5 0-0 12. 0-0 a6 13. Bxc6 bxc6 14. Qa4 c5 15. Qa3 Rfc8 16. Nb3 Nd7 17. Rfe1 Qc7 18. Nxc5 Nxc5 19. Qxc5 Qxc5 20. dxc5 Rxc5 21. Nd4 Bg6 22. Rad1 Rb8 23. Rd2 h6 24. f3 a5 25. a4 Rc4 26. Ra1 Kf8 27. Nb5 Ke7 28. b3 Rcc8 29. Re1 Kf8 30. Ree2 Rb6 31. Rd4 f6 32. Kf2 Be8 33. c4 dxc4 34. Rxc4 Rcb8 35. Nc7 e5 36. Nxe8 Rxe8 37. Rc5 Rxb3 38. Rxa5 Ra3 39. Rb2 Re7 40. Ra8+ Kf7 41. a5 Kg6 42. a6 Rd7 43. h3 h5 44. h4 Kh7 45. Kg1 Kg6 46. Kh2 Kh7 47. Kg1 Kg6 48. Kh2 1/2-1/2

[Event "GBR-ch Major 106th"]
[Site "Torquay"]
[Date "2019.08.01"]
[Round "6"]
[White "Shaw, Peter"]
[Black "Ward, Andrew"]
[Result "1/2-1/2"]
[WhiteElo "2068"]
[BlackElo "1822"]
[PlyCount "86"]
[EventDate "2019.07.27"]
[EventType "swiss"]
[EventRounds "9"]
[EventCountry "ENG"]
[SourceTitle "EXT 2020"]
[Source "ChessBase"]
[SourceDate "2019.10.17"]
[SourceVersion "1"]
[SourceVersionDate "2019.10.17"]
[SourceQuality "1"]

1. d4 e6 2. Nf3 f5 3. g3 Nf6 4. Bg2 Be7 5. 0-0 0-0 6. c4 d6 7. Nc3 Ne4 8. Nxe4 fxe4 9. Nd2 d5 10. f3 Nc6 11. fxe4 Rxf1+ 12. Kxf1 dxc4 13. Nf3 b5 14. Be3 Qe8 15. d5 Nb4 16. a3 Na6 17. a4 Bb7 18. axb5 Nc5 19. Nd4 exd5 20. exd5 Qf7+ 21. Kg1 Bxd5 22. Bxd5 Qxd5 23. Nc6 Qxd1+ 24. Rxd1 Bd6 25. Bf4 Bxf4 26. gxf4 a6 27. Ra1 Kf7 28. Kf2 Ke6 29. Kf3 a5 30. e4 Nd3 31. Ke3 Nxb2 32. Kd4 a4 33. Ra3 Nd3 34. f5+ Kf6 35. Kxc4 Ne5+ 36. Kd5 Nxc6 37. Kxc6 Ra7 38. Kd5 Ra5 39. Kd4 g6 40. fxg6 hxg6 41. Kc5 Ke5 42. Kc6 Kxe4 43. Kxc7 Rxb5 1/2-1/2

[Event "GBR-ch Major 106th"]
[Site "Torquay"]
[Date "2019.07.28"]
[Round "2"]
[White "Shaw, Peter"]
[Black "Hilton, Tim"]
[Result "1-0"]
[WhiteElo "2068"]
[BlackElo "1892"]
[PlyCount "57"]
[EventDate "2019.07.27"]
[EventType "swiss"]
[EventRounds "9"]
[EventCountry "ENG"]
[SourceTitle "EXT 2020"]
[Source "ChessBase"]
[SourceDate "2019.10.17"]
[SourceVersion "1"]
[SourceVersionDate "2019.10.17"]
[SourceQuality "1"]

1. d4 Nf6 2. c4 g6 3. Nc3 d5 4. cxd5 Nxd5 5. e4 Nxc3 6. bxc3 Bg7 7. Be3 c5 8. Rc1 0-0 9. d5 Qa5 10. Qd2 Rd8 11. Bd3 Na6 12. Ne2 Bd7 13. 0-0 b5 14. f4 c4 15. Bb1 Rac8 16. Bd4 Bg4 17. Ng3 Bxd4+ 18. Qxd4 Nc5 19. f5 Nd3 20. Bxd3 cxd3 21. Qxd3 Qxa2 22. h3 Bh5 23. Nxh5 gxh5 24. f6 exf6 25. Rxf6 b4 26. Qg3+ Kf8 27. Rxf7+ Kxf7 28. Rf1+ Ke7 29. Qe5+ 1-0

[Event "BCF-chT3N 1819 (4NCL)"]
[Site "England"]
[Date "2019.02.09"]
[Round "5.13"]
[White "McElvenny, Damien"]
[Black "Shaw, Peter"]
[Result "0-1"]
[WhiteElo "1780"]
[BlackElo "2085"]
[PlyCount "84"]
[EventDate "2018.11.10"]
[EventType "team-swiss"]
[EventRounds "11"]
[EventCountry "ENG"]
[SourceTitle "EXT 2021"]
[Source "ChessBase"]
[SourceDate "2020.10.23"]
[SourceVersion "1"]
[SourceVersionDate "2020.10.23"]
[SourceQuality "1"]
[WhiteTeam "Bolton & Worsley"]
[BlackTeam "White Rose II"]
[WhiteTeamCountry "ENG"]
[BlackTeamCountry "ENG"]

1. e4 c5 2. Nc3 a6 3. a4 Nc6 4. f4 e6 5. Nf3 d5 6. exd5 exd5 7. d4 Nf6 8. Be3 cxd4 9. Bxd4 Bb4 10. Be2 0-0 11. 0-0 Nxd4 12. Qxd4 Qa5 13. Qe5 Qc5+ 14. Qd4 Qa5 15. Kh1 Bf5 16. Bd3 Bc5 17. Qe5 Bxd3 18. cxd3 Ng4 19. Qxd5 Ne3 20. Qh5 Nxf1 21. Rxf1 Qb6 22. Ne4 Rac8 23. f5 f6 24. Nh4 Qxb2 25. Ng6 Rfe8 26. Nf4 Ba3 27. Ne6 Re7 28. d4 Rc1 29. Qf3 Rxf1+ 30. Qxf1 Rd7 31. h3 Qc1 32. Qxc1 Bxc1 33. Nc3 Bb2 34. Ne2 Rd5 35. g4 Ra5 36. N2f4 Rxa4 37. d5 Be5 38. Nd3 Bd6 39. Kg2 Ra3 40. Ndc5 Bxc5 41. Nxc5 Ra5 42. Nxb7 Rxd5 0-1

[Event "Harrogate 4NCL op-A 21st"]
[Site "Harrogate"]
[Date "2019.01.20"]
[Round "4"]
[White "Shaw, Peter"]
[Black "Wall, Tim"]
[Result "1/2-1/2"]
[WhiteElo "2089"]
[BlackElo "2240"]
[PlyCount "140"]
[EventDate "2019.01.18"]
[EventType "swiss"]
[EventRounds "5"]
[EventCountry "ENG"]
[SourceTitle "CBM 188 Extra"]
[Source "ChessBase"]
[SourceDate "2019.02.26"]
[SourceVersion "1"]
[SourceVersionDate "2019.02.26"]
[SourceQuality "1"]

1. d4 e6 2. c4 b6 3. e4 Bb7 4. Bd3 Nc6 5. Ne2 Nb4 6. 0-0 Ne7 7. Nbc3 Nxd3 8. Qxd3 d6 9. Be3 Qd7 10. d5 e5 11. b4 Ng6 12. Rfb1 Ba6 13. a4 Be7 14. b5 Bb7 15. a5 0-0 16. Ra3 Nh4 17. f3 f5 18. Rba1 Rab8 19. Na2 fxe4 20. Qxe4 Rxf3 21. gxf3 Qh3 22. f4 Nf3+ 23. Kf2 Bh4+ 24. Ng3 Nxh2 25. Qg2 Ng4+ 26. Kg1 Qxg3 27. Qxg3 Bxg3 28. Bd2 exf4 29. axb6 axb6 30. Be1 Bxe1 31. Rxe1 Ne3 32. Ra7 Nxc4 33. Re7 Bxd5 34. Rexc7 Ne5 35. Rxg7+ Kf8 36. Rxh7 Bxa2 37. Kf2 Bg8 38. Rh4 f3 39. Rd4 d5 40. Rf4+ Bf7 41. Ke3 Re8 42. Kd4 Kg7 43. Rf5 f2 44. Rxf2 Kg6 45. Rg2+ Kh6 46. Rh2+ Kg5 47. Rg2+ Kh4 48. Rf2 Bg8 49. Rf6 Nc4 50. Rg7 Kh5 51. Rf2 Kh6 52. Rg1 Re4+ 53. Kc3 Re3+ 54. Kb4 Be6 55. Rh2+ Bh3 56. Rgh1 Kg5 57. Rxh3 Rxh3 58. Rxh3 Kf5 59. Rh6 Ke5 60. Rc6 Kd4 61. Re6 Kd3 62. Rc6 Kd4 63. Rh6 Ke5 64. Rh5+ Kd4 65. Rh4+ Ke5 66. Rh8 Kd4 67. Rd8 Ke5 68. Rc8 Kd4 69. Rc7 Ke5 70. Rc6 Kd4 1/2-1/2

[Event "Harrogate 4NCL op-A 21st"]
[Site "Harrogate"]
[Date "2019.01.20"]
[Round "5.5"]
[White "Sumit, Kumar1111"]
[Black "Shaw, Peter"]
[Result "1-0"]
[WhiteElo "2219"]
[BlackElo "2089"]
[PlyCount "71"]
[EventDate "2019.01.18"]
[EventType "swiss"]
[EventRounds "5"]
[EventCountry "ENG"]
[SourceTitle "EXT 2020"]
[Source "ChessBase"]
[SourceDate "2019.10.17"]
[SourceVersion "1"]
[SourceVersionDate "2019.10.17"]
[SourceQuality "1"]

1. e4 c5 2. Nf3 e6 3. d3 Nc6 4. g3 g6 5. Bg2 Bg7 6. 0-0 Nge7 7. Re1 d6 8. c3 0-0 9. Nbd2 b5 10. Nf1 a5 11. d4 cxd4 12. cxd4 d5 13. e5 Ba6 14. h4 b4 15. N1h2 Qb6 16. g4 Rfc8 17. Be3 Ra7 18. Qd2 a4 19. Bh6 Bh8 20. Bg5 Rac7 21. Bf6 Bg7 22. Bxg7 Kxg7 23. Qf4 Ng8 24. h5 Nd8 25. hxg6 hxg6 26. g5 Nc6 27. Ng4 Nce7 28. Nf6 Bb5 29. Qh4 Rc2 30. Nh2 Rxb2 31. Red1 Qc7 32. Nhg4 Qc2 33. Kh2 Rxa2 34. Qh7+ Kf8 35. Nh6 Nxh6 36. Qxh6# 1-0

[Event "BCF-chT3N 1819 (4NCL)"]
[Site "England"]
[Date "2019.01.13"]
[Round "4.12"]
[White "Shaw, Peter"]
[Black "Bimpson, Tom"]
[Result "1-0"]
[WhiteElo "2085"]
[BlackElo "1973"]
[PlyCount "115"]
[EventDate "2018.11.10"]
[EventType "team-swiss"]
[EventRounds "11"]
[EventCountry "ENG"]
[SourceTitle "EXT 2021"]
[Source "ChessBase"]
[SourceDate "2020.10.23"]
[SourceVersion "1"]
[SourceVersionDate "2020.10.23"]
[SourceQuality "1"]
[WhiteTeam "White Rose II"]
[BlackTeam "Spirit of Atticus II"]
[WhiteTeamCountry "ENG"]
[BlackTeamCountry "ENG"]

1. d4 d6 2. Nf3 Nf6 3. c4 Nbd7 4. Nc3 e5 5. g3 Be7 6. Bg2 0-0 7. 0-0 c6 8. e4 a5 9. b3 Re8 10. Qc2 Bf8 11. Bb2 b6 12. Rad1 Qc7 13. Rd2 Bb7 14. Rfd1 Rac8 15. Qb1 Qb8 16. dxe5 dxe5 17. Rxd7 Nxd7 18. Rxd7 Red8 19. Rxd8 Rxd8 20. Na4 f6 21. Nxb6 Ba6 22. Na4 Bb4 23. Bf1 Qd6 24. Be2 Bc8 25. Qc2 g5 26. c5 Qe7 27. a3 g4 28. axb4 gxf3 29. Bxf3 axb4 30. Qc4+ Be6 31. Qxb4 Rd3 32. Qb8+ Kg7 33. Be2 Rxb3 34. Qd6 Qf7 35. Qd2 Qa7 36. Nb6 Qa2 37. Nc4 Rb5 38. Bc1 Bxc4 39. Qxa2 Bxa2 40. Bxb5 cxb5 41. c6 Kf7 42. Ba3 Ke8 43. f3 Kd8 44. Bd6 b4 45. Bxb4 Kc7 46. Be7 Kxc6 47. Bxf6 Kd6 48. Kf2 Bf7 49. Ke3 Ke6 50. Bd8 h5 51. h4 Be8 52. Ba5 Ba4 53. Bc3 Bd1 54. f4 exf4+ 55. gxf4 Bg4 56. f5+ Kf7 57. Kf4 Bd1 58. e5 1-0

[Event "BCF-chT3N 1819 (4NCL)"]
[Site "England"]
[Date "2019.01.12"]
[Round "3.15"]
[White "Shaw, Peter"]
[Black "Flint, Martina"]
[Result "1-0"]
[WhiteElo "2085"]
[BlackElo "1829"]
[PlyCount "107"]
[EventDate "2018.11.10"]
[EventType "team-swiss"]
[EventRounds "11"]
[EventCountry "ENG"]
[SourceTitle "EXT 2021"]
[Source "ChessBase"]
[SourceDate "2020.10.23"]
[SourceVersion "1"]
[SourceVersionDate "2020.10.23"]
[SourceQuality "1"]
[WhiteTeam "White Rose II"]
[BlackTeam "Jorvik"]
[WhiteTeamCountry "ENG"]
[BlackTeamCountry "ENG"]

1. d4 d6 2. Nf3 g6 3. c4 Bg7 4. Nc3 c6 5. e4 Nf6 6. Be2 Qc7 7. 0-0 0-0 8. h3 e5 9. Be3 Na6 10. dxe5 dxe5 11. a3 Rd8 12. Qc2 Qe7 13. b4 Nh5 14. c5 Nc7 15. Bc4 h6 16. Rad1 Rxd1 17. Rxd1 Nf4 18. Qd2 Be6 19. Bxe6 Ncxe6 20. Qd7 Re8 21. Qxe7 Rxe7 22. h4 Nc7 23. a4 a6 24. g3 Nfe6 25. Rd6 Ne8 26. Rd2 N8c7 27. h5 g5 28. Ne2 Ne8 29. Nc3 N8c7 30. Kg2 Kh7 31. Rd1 Bf6 32. Nb1 Ng7 33. g4 Nge6 34. Nc3 Kg7 35. Ne2 Nf4+ 36. Bxf4 exf4 37. Ned4 Rxe4 38. Nf5+ Kf8 39. Rd7 Nd5 40. Rxb7 Rxb4 41. Ra7 Ke8 42. Rxa6 Rb2 43. N3d4 Ne3+ 44. Kf3 Nd1 45. Ra8+ Kd7 46. Ra7+ Ke8 47. Nd6+ Kf8 48. Rxf7+ Kg8 49. Rxf6 Rxf2+ 50. Ke4 Nc3+ 51. Kf5 Nd5 52. Rxh6 Rd2 53. Ne6 Ne7+ 54. Kf6 1-0

[Event "BCF-ch rapidplay 32nd"]
[Site "Ilkley"]
[Date "2018.11.25"]
[Round "11"]
[White "Willow, Jonah B"]
[Black "Shaw, Peter"]
[Result "0-1"]
[WhiteElo "2224"]
[BlackElo "2077"]
[PlyCount "104"]
[EventDate "2018.11.24"]
[EventType "swiss (rapid)"]
[EventRounds "11"]
[EventCountry "ENG"]
[SourceTitle "CBM 187 Extra"]
[Source "ChessBase"]
[SourceDate "2018.11.04"]
[SourceVersion "1"]
[SourceVersionDate "2018.11.04"]
[SourceQuality "1"]

1. Nc3 d5 2. e4 d4 3. Nce2 e5 4. Ng3 g6 5. Bc4 h5 6. Nf3 Nc6 7. d3 h4 8. Ne2 h3 9. gxh3 Be7 10. Rg1 Bxh3 11. Ng5 Bxg5 12. Bxg5 Qd7 13. Qd2 Nd8 14. 0-0-0 Ne6 15. Qb4 c6 16. f4 f6 17. Bxf6 Nxf6 18. Rxg6 Qe7 19. Qa5 Nxf4 20. Nxf4 exf4 21. Qg5 Nd7 22. Rg8+ Rxg8 23. Qxg8+ Nf8 24. Qh8 Be6 25. Bxe6 Qxe6 26. Qxd4 b6 27. Rf1 Rd8 28. Qa4 Ng6 29. Qxa7 Qh3 30. Re1 b5 31. Qg7 Ne7 32. e5 Qe6 33. h4 Kd7 34. Qh7 Rf8 35. Qe4 Qd5 36. e6+ Kc7 37. Qb4 Qd6 38. Qe4 f3 39. Kb1 f2 40. Rf1 Qg3 41. Qd4 Qg2 42. Qa7+ Kd6 43. Qd7+ Ke5 44. d4+ Ke4 45. b3 Qxf1+ 46. Kb2 Qd1 47. Qxe7 Qxd4+ 48. c3 Qd2+ 49. Ka3 Ra8+ 50. Kb4 c5+ 51. Qxc5 f1Q 52. Qc6+ Qd5 0-1

[Event "BCF-chT3N 1819 (4NCL)"]
[Site "England"]
[Date "2018.11.11"]
[Round "2.52"]
[White "Johnson, Paul A"]
[Black "Shaw, Peter"]
[Result "0-1"]
[WhiteElo "1820"]
[BlackElo "2085"]
[PlyCount "98"]
[EventDate "2018.11.10"]
[EventType "team-swiss"]
[EventRounds "11"]
[EventCountry "ENG"]
[SourceTitle "EXT 2021"]
[Source "ChessBase"]
[SourceDate "2020.10.23"]
[SourceVersion "1"]
[SourceVersionDate "2020.10.23"]
[SourceQuality "1"]
[WhiteTeam "Bradford DCA Knights III"]
[BlackTeam "White Rose II"]
[WhiteTeamCountry "ENG"]
[BlackTeamCountry "ENG"]

1. d4 f5 2. Nf3 e6 3. g3 Nf6 4. Bg2 Be7 5. Bg5 0-0 6. Nbd2 Ne4 7. Bxe7 Qxe7 8. c3 d6 9. Qc2 Nxd2 10. Qxd2 Nc6 11. 0-0-0 e5 12. h4 e4 13. Ng5 d5 14. e3 b5 15. Nh3 b4 16. Nf4 bxc3 17. Qxc3 Nb4 18. Kb1 Ba6 19. Bf1 Bxf1 20. Rhxf1 Qd6 21. Qc5 Qxc5 22. dxc5 c6 23. a3 Na6 24. b4 Nc7 25. Rd2 a5 26. Rb2 Nb5 27. Ne6 Rfb8 28. bxa5 Nxa3+ 29. Ka2 Nb5 30. Rb3 Rxa5+ 31. Kb2 Rba8 32. Nd4 Ra2+ 33. Kc1 Ra1+ 34. Rb1 Nxd4 35. exd4 R8a2 36. f3 Rxb1+ 37. Kxb1 Rd2 38. fxe4 fxe4 39. Rc1 Rxd4 40. Rc3 Kf7 41. Kc2 Ke6 42. Kb2 Ke5 43. Ra3 Rc4 44. Ra7 Kf6 45. Ra5 h5 46. Kb3 g6 47. Kb2 Ke5 48. Kb3 e3 49. Kb2 Kd4 0-1